Prądy morskie ciepłe - Statystyki

Ogólne statystyki
  • Ten quiz został rozwiązany 893 razy
  • Średni wynik to 10 z 22
Statystyki odpowiedzi
Prąd morski % Poprawnych
Norweski
84%
Brazylijski
77%
Kuro-siwo
74%
Alaski
70%
Wschodnioaustralijski
69%
Karaibski
64%
Północnorównikowy
64%
Gujański
63%
Południoworównikowy
63%
Północnoatlantycki
61%
Monsunowy (zima)
60%
Mozambicki
50%
Północnopacyficzny
49%
Agulhas
45%
Madagaskarski
39%
Równikowy Prąd Wsteczny
36%
Równikowy Prąd Wsteczny (zima)
36%
Somalijski (zima)
21%
Zatokowy (Golfsztrom)
9%
Aleucki
6%
Antylski
5%
Zachodniogrenladzki
2%
Nie znaleziono quizów pasujących do podanych kryteriów
Rozkład punktacji
Procent ludzi z każdym wynikiem
Percentyl według liczby udzielonych odpowiedzi
Twoja historia wyników
Nie rozwiązałeś tego quizu